00351 2200145 4500001002100000005001500021035002000036245005100056100001700107300001200124260003500136082000800171084001400179990001200193INLIS00000000000193020250522072642 a0010-05250002221 aCinta Doang ? Gak Cukup Dong ! /cAisha Chuang0 aAisha Chuang a113 hlm aJakarta :bQultum Media,c2006 a813 a813 AIS c a0713449